000 00301nam a2200133Ia 4500
100 _aBurbidge/J.L.
942 _cBK
654 _aproduction
245 _aPrinciples of production control
260 _bMcdonald and evan
_aLondon
_c1981
082 _a658.56
_bBUR
300 _a588
546 _aENGLISH
999 _c34687
_d34687